00305nam a2200133Ia 45000030006000000080041000060400015000471000026000622450022000882600026001103000006001365460012001420050017001540STCL150530s9999 xx 000 0 und d aSTCLcSTCL aChandrashekhar Kambar aJai Siddha nayale bSaraswati Viharc1984 a0 aEnglish20220125171224.0